[Event "Rheinland-ch H1"]
[Site "Mainz Laubenheim"]
[Date "2002.03.24"]
[Round "3.14"]
[White "Rul, Alexander"]
[Black "Geiger, Viktor"]
[Result "0-1"]
[WhiteElo "1554"]
[BlackElo "1713"]
[PlyCount "90"]
[EventDate "2002.03.23"]
[EventType "swiss"]
[EventRounds "7"]
[EventCountry "GER"]
[SourceTitle "EXT 2003"]
[Source "ChessBase"]
[SourceDate "2002.11.25"]
[SourceVersion "1"]
[SourceVersionDate "2002.11.25"]
[SourceQuality "1"]

1. d4 d5 2. c4 e6 3. Nc3 Nf6 4. Bg5 Be7 5. Nf3 Nbd7 6. e3 c6 7. a3 0-0 8. Bd3 h6 9. Bh4 b6 10. b4 Bb7 11. cxd5 Nxd5 12. Nxd5 Bxh4 13. Nxh4 cxd5 14. Nf3 f5 15. g3 Nf6 16. Rc1 Qd6 17. 0-0 a5 18. Qb3 a4 19. Qc2 Rfc8 20. Qb1 Ne4 21. Rxc8+ Rxc8 22. Bxe4 fxe4 23. Ne5 Rc3 24. Qb2 Rb3 25. Qc1 Ba6 26. Rd1 Kh7 27. Rd2 h5 28. Rc2 Bb5 29. Rc8 Qe7 30. Rb8 Bd3 31. Nxd3 exd3 32. Rxb6 Qd7 33. Kf1 e5 34. dxe5 Qg4 35. e6 Qf3 36. Kg1 d2 37. Qc2+ g6 38. e7 d1Q+ 39. Qxd1 Qxd1+ 40. Kg2 Rb1 41. e8Q Qf1+ 42. Kf3 Qd1+ 43. Kf4 Qg4+ 44. Ke5 Qe4+ 45. Kd6 Qxe8 0-1